Tales of King Arthur /

Bibliographic Details
Main Author: Malory, Thomas, Sir, active 15th century
Other Authors: Senior, Michael, 1940-
Format: Book
Language:English
Published: New York : Schocken Books, 1981
Subjects:

MARC

Tag First Indicator Second Indicator Subfields
LEADER 00000cam a22000008a 4500
001 in00000080906
005 20151008054122.0
008 810810c19811980nyua 00111 eng
010 |a  81040412  
020 |a 0805237798 :  |c $19.95 
035 |a (OCoLC)07737288 
035 |9 AAH9692AM 
039 0 |a 2  |b 3  |c 3  |d 3  |e 3 
040 |a DLC  |c DLC  |d TXA  |d UtOrBLW 
049 |a TXAM  |c [1672184] 
050 0 0 |a PR2042  |b .S4 1981 
082 0 |a 823/.2  |2 19 
100 1 |a Malory, Thomas,  |c Sir,  |d active 15th century. 
240 1 0 |a Morte d'Arthur.  |k Selections.  |f 1981 
245 1 0 |a Tales of King Arthur /  |c edited and abridged, with an introduction, by Michael Senior. 
263 |a 8111 
264 1 |a New York :  |b Schocken Books,  |c 1981 
264 4 |c ©1980 
300 |a 351 pages :  |b illustrations (some color) ;  |c 25 cm. 
336 |a text  |b txt  |2 rdacontent 
337 |a unmediated  |b n  |2 rdamedia 
338 |a volume  |b nc  |2 rdacarrier 
500 |a Includes index. 
650 0 |a Arthurian romances. 
700 1 |a Senior, Michael,  |d 1940- 
999 |a MARS 
999 f f |s ea00dabc-7e39-332a-b528-86dc06efa353  |i e782b269-e154-32d4-9997-d58baba57271  |t 0 
952 f f |p normal  |a Texas A&M University  |b College Station  |c Sterling C. Evans Library  |d Evans: Library Stacks  |t 0  |e PR2042 .S4 1981  |h Library of Congress classification  |i unmediated -- volume  |m A14806183764 
998 f f |a PR2042 .S4 1981  |t 0  |l Evans: Library Stacks